| 000 -LEADER |
| fixed length control field |
00469nam a2200181Ia 4500 |
| 008 - FIXED-LENGTH DATA ELEMENTS--GENERAL INFORMATION |
| fixed length control field |
220726s9999||||xx |||||||||||||| ||und|| |
| 020 ## - INTERNATIONAL STANDARD BOOK NUMBER |
| International Standard Book Number |
9788122434156 |
| 082 ## - DEWEY DECIMAL CLASSIFICATION NUMBER |
| Classification number |
610 |
| 082 ## - DEWEY DECIMAL CLASSIFICATION NUMBER |
| Item number |
Ban/O |
| 100 ## - MAIN ENTRY--PERSONAL NAME |
| Personal name |
Bansal, Raj K. & Bansal, Rajeev V. |
| 245 #0 - TITLE STATEMENT |
| Title |
Bansal- Organic Chemistry: Problems and Solutions: 3rd Edition |
| 250 ## - EDITION STATEMENT |
| Edition statement |
Reprint |
| 260 ## - PUBLICATION, DISTRIBUTION, ETC. |
| Place of publication, distribution, etc. |
New Delhi |
| 260 ## - PUBLICATION, DISTRIBUTION, ETC. |
| Name of publisher, distributor, etc. |
New Age International Publishers |
| 260 ## - PUBLICATION, DISTRIBUTION, ETC. |
| Date of publication, distribution, etc. |
2020 |
| 300 ## - PHYSICAL DESCRIPTION |
| Extent |
486 |
| 942 ## - ADDED ENTRY ELEMENTS (KOHA) |
| Koha item type |
|